|
|
|
|
| LEADER |
00000nab a2200000ua 4500 |
| 001 |
vtls010773766 |
| 003 |
SK-MaSNL |
| 005 |
20260303123403.0 |
| 008 |
230214s1942 xo |||||||||||||||||slo| |
| 035 |
|
|
|a (urnnbn)urn:nbn:sk:snk:ar-a035su
|
| 035 |
|
|
|a (uuid)11528fa4-f3f9-44b8-b90e-620409836980
|
| 035 |
|
|
|a urn:nbn:sk:snk-ab53kh
|
| 040 |
|
|
|a SNKBUCL
|b slo
|c SNKBUCL
|e AACR2
|
| 041 |
0 |
|
|a slo
|
| 044 |
|
|
|a xo
|c SK
|
| 100 |
1 |
|
|a Žucha, Jozef,
|d 1909-1964
|4 aut
|9 197841
|
| 245 |
1 |
0 |
|a Príspevok k anomáliám a chorobám arteriae carotidis internae
|c Jozef Žucha, Giorgio Dei Poli
|
| 700 |
1 |
|
|a Dei Poli, Giorgio
|4 aut
|9 1139133
|
| 773 |
0 |
|
|t Bratislavské lekárske listy
|g Roč. 22, č. 10 (1942), s. [329]-346
|
| 954 |
|
|
|a odborná, vedecká literatúra pôvodná (slovenská)
|2 lita
|
| 958 |
|
|
|a OND
|
| 958 |
|
|
|a EUIPO
|
| 958 |
|
|
|a article3
|
| 999 |
|
|
|c 1925579
|d 1927509
|